| 000 | 00794 a2200193 4500 | ||
|---|---|---|---|
| 003 | NUST | ||
| 005 | 20251218164016.0 | ||
| 040 | _cNust | ||
| 082 | _a621.382,RAS | ||
| 100 |
_aRashid, ORP Muhammad Umair. (TE-48) _9132478 |
||
| 245 |
_aAutomated Video Analysis Through GPU Using 3G/4G / _c ORP Muhammad Umair rashid, ORP Rao Muhammad Faizan Gull and ORP Hafiz Muhammad Ameer Hamza |
||
| 260 |
_aRawalpindi _bMCS (NUST) _cJune 2015 |
||
| 300 | _a64 p.; | ||
| 505 | _aIntroduction (Page-10), Literature Review (Page-16), Design and Development (Page-42), Project Analysis and Evaluation (Page-45), Recommendation for Future Work (Page-48), Conclusion (Page-48). | ||
| 650 |
_aUG Project _9131132 |
||
| 651 | _aTE-48 | ||
| 700 |
_aSupervised by Dr. Naveed Iqbal. _9132479 |
||
| 942 |
_cPR _2ddc |
||
| 999 |
_c217230 _d217230 |
||